000 00244nam a2200097Ia 4500
001 645994
005 20250826153634.0
008 250824s9999 xx 000 0 und d
245 0 _aALTIN YAPRAKLAR
_cAHMET YILMAZ BOYUNAĞA
260 _bGENÇ TİMAŞ
999 _c645994
_d645994